Bitacora de luna / (Registro nro. 3252)

Detalles MARC
000 -CABECERA
Longitud fija campo de control 00577nam a2200205 a 4500
003 - • IDENTIFICADOR DELl NÚMERO DE CONTROL
Identificador del número de control CO-ViMGA
008 - • CÓDIGOS DE INFORMACIÓN DE LONGITUD FIJA
Códigos de información de longitud fija 141112s2004 ck r 000 u spa d
020 ## - • NÚMERO INTERNACIONAL NORMALIZADO PARA LIBROS
Número Internacional Normalizado para Libros (ISBN) 9583015547
040 ## - FUENTE DE LA CATALOGACIÓN
Centro catalogador de origen CO-ViMGA
Lengua de catalogación spa
Centro transcriptor CO-ViMGA
082 04 - • NÚMERO DE LA CLASIFICACIÓN DECIMAL DEWEY
Número de clasificación (R) CADb
100 1# - • PUNTO DE ACCESO PRINCIPAL-NOMBRE DE PERSONA
Nombre de persona Cadavid, Ana Maria
245 10 - • TITULO PROPIAMENTE DICHO
Título Bitacora de luna /
Mención de responsabilidad, etc. Ana Maria Cadavid
300 ## - • DESCRIPCIÓN FÍSICA
Extensión 36p.
490 ## - • MENCIÓN DE SERIE
Mención de serie Que pase el tren
650 14 - • PUNTO DE ACCESO ADICIONAL DE MATERIA - TÉRMINO DE MATERIA
Término de materia o nombre geográfico como elemento inicial 2 : VIAJES INTERPLANETARIOS - CUENTOS INFANTILES
650 14 - • PUNTO DE ACCESO ADICIONAL DE MATERIA - TÉRMINO DE MATERIA
Término de materia o nombre geográfico como elemento inicial CUENTOS INFANTILES COLOMBIANOS
942 ## - ENTRADA DE ELEMENTOS AGREGADOS (KOHA)
Fuente de clasificaión o esquema Dewey Decimal Classification
Koha [por defecto] tipo de item LIbro
Existencias
Perdido Fuente de clasificación o esquema Estado Físico No para préstamo Forma de adquisición Localización permanente Localización actual Localización en estanterías Fecha adquisición Préstamos totales Signatura completa Código de barras Fecha última consulta Número de copia Fecha del precio de reemplazo Tipo de item de Koha Serie de enumeración / cronolog&íacute;a Fecha último préstamo
  Dewey Decimal Classification     Sala Infantil Segundo Piso Biblioteca Pública Germán Arciniegas - Villavicencio Biblioteca Pública Germán Arciniegas - Villavicencio   12/04/2015 1 CADb 24733 10/24/2017 Ej. 1 12/04/2015 LIbro 17/ago/2011 10/14/2017
  Dewey Decimal Classification     Infantil Biblioteca Pública Medellin del Ariari - El Castillo Biblioteca Pública Medellin del Ariari - El Castillo Sala Infantil 06/28/2023   CCAD1EJ.1 BM0000204 06/28/2023 Ej.1 06/28/2023 Libro Infantil    









Instituto Departamental de Cultura del Meta - Red Departamental de Bibliotecas Públicas del Meta.